| 000 | 00843cac a2200265 a 4500 | ||
|---|---|---|---|
| 003 | Co-PeBPM | ||
| 005 | 20250630155423.0 | ||
| 008 | 231129e1989||||ck |||||||||||||| ||spa|| | ||
| 020 | _a8475095364 | ||
| 040 |
_aCo-PeBPM _bspa _cCo-PeBPM _erda |
||
| 041 | _aspa | ||
| 082 | 0 | 4 |
_a501 F434L _222 |
| 100 | 1 | 0 |
_aFeyerabend, Paul K. _eautor |
| 245 | 1 | 0 |
_aLimites de la ciencia _b: explicación, reducción y empirismo _c/ Paul K. Feyerabend |
| 260 |
_aBarcelona, España _b: Paidós Ibérica _c, 1989 |
||
| 300 |
_a155 páginas _c; 20 centímetros |
||
| 500 | _aIncluye Índice. | ||
| 650 | 1 | 4 |
_aCiencia _2LEMB |
| 650 | 1 | 4 |
_aEnsayos _2LEMB |
| 650 | 1 | 4 |
_aConferencias _2LEMB |
| 650 | 1 | 4 |
_aInvestigaciones _2LEMB |
| 700 |
_aRibes, Diego _eIntroducción |
||
| 942 |
_2ddc _cBK |
||
| 999 |
_c19296 _d19296 |
||